000 00488nam a22001817a 4500
005 20250916152939.0
008 250905b |||||||| |||| 00| 0 eng d
020 _a9789395664493
041 _aMarathi
082 _a891.46
_bGOD
100 _aGodbole Shrirang
_9213119
245 _aBhaganagar (Hydrebad) Nishastra Pratikar 1938-39
260 _aPune
_bBharatiya Vichar Sadhana Pune Prakashan
_c2023
300 _a127
365 _b105.00
_cRs.00
650 _aGeneral
942 _cBK
999 _c367637
_d367637